000
00302 a2200145 4500
001
178511
020
_a
040
_c
Magnum
100
_a
Magdalena
240
1
0
_a
Dani e o peixinho
_l
por
245
1
0
_a
Dani e o peixinho
362
0
_a
1899
697
_a
MAGNITO: I/AVENTURA, CRIANCAS
942
_c
BK
999
_c
178511
_d
178511